00593nam a2200169Ia 4500008004100000041000800041082001500049100002000064245005500084250001200139260002700151365001600178700002000194906002700214999001900241952016300260230718s9999 xx 000 0 und d aeng a372.4bGUH aGuha A.9112398 aQuantitative Aptitude For Competitive Examinations a3rd ed. bTata Mc-graw Hill Pub. cRs.b265.00 aGuha A.9112398 dB:294707-Feb-2007cOTH c315980d315980 00104070aCCEPbCCEPd2007-02-13ePradeep Book DistributorsfOTHg265.00i2947l0o372.4pCCEP-BK-27187r2023-07-18 00:00:00v265.00w2007-02-07yBKz027187